UM Logo
Normal view MARC view
  • Diamante, Patrick A.

Entry Personal Name

Number of records used in: 1

001 - CONTROL NUMBER

  • control field: 8950

003 - CONTROL NUMBER IDENTIFIER

  • control field: OSt

005 - DATE AND TIME OF LATEST TRANSACTION

  • control field: 20160525144427.0

008 - FIXED-LENGTH DATA ELEMENTS

  • fixed length control field: 160525|| aca||aabn | a|a d

040 ## - CATALOGING SOURCE

  • Original cataloging agency: OSt

100 ## - HEADING--PERSONAL NAME

  • Personal name: Diamante, Patrick A.